000 00509nam a2200169Ia 4500
999 _c563
_d563
003 OSt
005 20200914152354.0
008 190216s9999||||xx |||||||||||||| ||und||
040 _coclc
082 _a892.7
_bHAM/I
100 _aHameed, V P Abdul
_94572
245 3 _aAn Introduction To Modern Arabic Literature /
_cV P Abdul Hameed
260 _bAl-Huda Book Stall,
_c1998.
_aCalicut:
300 _a128p
650 _aArabic Literature
942 _cBK
_2ddc
_h892.7
_iHAM/I
_k892.7
_mHAM/I